Balasan perbuatan menipu

Bibliographic Details
Main Author: Ahmad Zaid Ismail
Format: Book
Published: Kelantan : Pustaka sukses , 2016
Series:Siri pengajaran positif
Subjects:

MARC

LEADER 00000cam a2200000 7i4500
001 0000069400
005 20220105103903.0
008 170118
020 |a 9789670976013 
020 |a 9789675450945(SET) 
090 0 0 |a JP   |b MOR MAL 
100 0 |a Ahmad Zaid Ismail 
245 1 0 |a Balasan perbuatan menipu   |c Ahmad Zaid Ismail 
260 |a Kelantan :   |b Pustaka sukses ,   |c 2016 
300 |a 24pg. :   |b 26 cm 
490 0 |a Siri pengajaran positif 
500 |a Children age 4-6 years old (yellow) 
650 0 |a Children stories   |x Malay 
650 0 |a Moral 
999 |a 0001427675   |b Book   |c Children Collection   |e Cawangan Taman Universiti 
999 |a 0001427676   |b Book   |c Children Collection   |e Cawangan Taman Sri Lambak 
999 |a 0001427677   |b Book   |c Children Collection   |e Cawangan Bukit Gambir 
999 |a 0001427678   |b Book   |c Adult Collection   |e Cawangan Pontian 
999 |a 0001427679   |b Book   |c Children Collection   |e Cawangan Segamat 
999 |a 0001427680   |b Book   |c Children Collection   |e Cawangan Bandar Tenggara 
999 |a 0001427681   |b Book   |c Adult Collection   |e Cawangan Kota Tinggi 
999 |a 0001427682   |b Book   |c Children Collection   |e Cawangan Tmn. Ungku Tun Aminah 
999 |a 0001427683   |b Book   |c Children Collection   |e Cawangan Mersing 
999 |a 0001427684   |b Book   |c Children Collection   |e Cawangan Bandar Penawar 
999 |a 0001427685   |b Book   |c Children Collection   |e Cawangan Tangkak 
999 |a 0001427686   |b Book   |c Children Collection   |e Cawangan Batu Pahat 
999 |a 0001427688   |b Book   |c Children Collection   |e Cawangan Sri Merlong 
999 |a 0001428504   |b Book   |c Children Collection   |e Cawangan Urban Transformation Centre 
999 |a 0001428505   |b Book   |c Children Collection   |e Perbadanan Perpustakaan Awam Johor 
999 |a 0001428506   |b Book   |c Children Collection   |e Perbadanan Perpustakaan Awam Johor 
999 |a 0001428507   |b Book   |c Children Collection   |e Cawangan Urban Transformation Centre